Construcción de un diseño metodológico para la evaluación de impacto de los programas de atención del Servicio Nacional de Menores en la población menor de 12 años.

Bibliographic Details
Main Author: Espinoza, Vicente
Other Authors: Rivera Ottenberger, Diana
Format: Libro
Language:English
Published: Santiago, Chile SENAME 2000
Series:Documentos de trabajo 10
Subjects:

MARC

LEADER 00000cam a2200000 a 4500
001 013236
003 UAHC_CL
005 20170803121010.0
008 010822b xx j 000 1 eng
040 |a UAHC_CL  |c UAHC_CL  |d UAHC_CL 
100 1 |a Espinoza, Vicente 
245 1 0 |a Construcción de un diseño metodológico para la evaluación de impacto de los programas de atención del Servicio Nacional de Menores en la población menor de 12 años. 
260 |b SENAME  |c 2000  |a Santiago, Chile 
300 |a 145 p. 
490 0 |a Documentos de trabajo  |v 10 
650 4 |a SENAME 
650 4 |a PROGRAMAS SOCIALES 
650 4 |a NIÑOS 
700 1 |a Rivera Ottenberger, Diana 
900 |a 362.7 ESP 
942 |c BK 
952 |0 0  |1 0  |4 0  |6 362_700000000000000_ESP  |7 0  |8 General  |9 26703  |a BC  |b BC  |c General  |d 2017-08-03  |l 1  |o 362.7 ESP  |p 1312338  |r 2026-01-13 00:00:00  |s 2019-10-17  |t 1  |w 2017-08-03  |x Texto con manchas de humedad y hongos. FGM. 17/10/2019.  |y BK 
999 |c 13236  |d 13236